000 03915nam a2201549Ia 4500
001 13568
008 191123s9999 xx 000 0 und d
020 _a9789508891938
041 _aspa
044 _aag
100 _aFerrer, Mathilde, comp.
245 0 _aGrupos, movimientos, tendencias del arte contemporaneo desde 1945.
260 _aBuenos Aires :
_bLa marca editora,
_c2016.
300 _a320 p.
_bsin ilustrar
500 _aObra compuesta por tres partes: Grupos y Movimientos; problemáticas; léxico
504 _aincluye bibliografía por cada movimiento.
650 _aACCIONISMO VIENES
650 _aACTION PAINTING
650 _aANACRONISTAS
650 _aAPROPIACION
650 _aART BRUT
650 _aARTE CINETICO
650 _aARTE CONCEPTUAL
650 _aARTE CORREO
650 _aARTE ELECTRONICO
650 _aARTE EN EL MEDIO URBANO
650 _aARTE FEMINISTA
650 _aARTE FRACTAL
650 _aARTE INFORMAL
650 _aARTE MINIMALISTA
650 _aARTE PARODICO
650 _aARTE POVERA
650 _aARTE SOCIOLOGICO
650 _aB.M.P.T.
650 _aBAD PAINTING
650 _aBLACK MOUNTAIN COLLEGE
650 _aBODY ART
650 _aCINE DE EXPOSICION
650 _aCINE EXPERIMENTAL
650 _aCOBRA
650 _aCOLORFIELD
650 _aCOMPUTER ART
650 _aCOOPERATIVE DES MALASSIS
650 _aCOPY ART
650 _aCRITICA DE LA REPRESENTACION
650 _aCUADROS FOTOGRAFIA
650 _aDAU AL SER
650 _aDESOBJETIVACION DEL ARTE
650 _aE.A.T.
650 _aEAT ART
650 _aECART
650 _aEL PASO
650 _aEQUIPO CRONICA
650 _aESCULTURA CONSTRUCTIVA DE DUSSELDORF
650 _aESPACIALISMO
650 _aESTETICA RELACIONAL
650 _aEXAT 51
650 _aEXPERIMENT IN ART AND TECHNOLOGY
650 _aEXPRESIONISMO ABSTRACTO
650 _aFICCIONALISMO
650 _aFIGURACION LIBRE
650 _aFLUXUS
650 _aFOUND FOOTAGE
650 _aFUNK ART
650 _aGENERAL IDEA
650 _aGLOBALIZACION
650 _aGRAFFITI
650 _aGRAV
650 _aGROUP MATERIAL
650 _aGRUPO ENNE
650 _aGRUPO T
650 _aGRUPPE ZEBRA
650 _aGUTAI
650 _aHAPPENING
650 _aHARD EDGE
650 _aHIPERREALISMO
650 _aIDIOTEZ
650 _aIMAGEN DE SINTESIS
650 _aINDEPENDENT GROUP
650 _aINTERNATIONAL SITUASIONISTA
650 _aINTERVENCION
650 _aIRWIN
650 _aJARDIN Y ARTE
650 _aLAND ART
650 _aLETRISMO
650 _aMADI
650 _aMEC ART
650 _aMONO HA
650 _aMUNDIALIZACION
650 _aNARRATIVE ART
650 _aNEO DADAISMO
650 _aNEO FAUVES
650 _aNET ART
650 _aNUEVA ESCULTURA INGLESA
650 _aNUEVA FIGURACION
650 _aNUEVA SUBJETIVIDAD
650 _aNUEVO REALISMO
650 _aNUL GROEP
650 _aOP ART
650 _aPANICO
650 _aPATTERN
650 _aPATTERO PAINTING
650 _aPERFORMANCE
650 _aPOESIA CONCRETA
650 _aPOESIA SONORA
650 _aPOLITICAS IDENTITARIAS
650 _aPOP ART
650 _aPOST HUMANO
650 _aPOST MINIMALISMO
650 _aPOST PAINTERLY ABSTRACTION
650 _aRISA
650 _aSHAPED CANVAS
650 _aSIMULACION
650 _aSKY ART
650 _aSONIDO
650 _aSOPORTE SUPERFICIE
650 _aSOTS ART
650 _aSUBJECTS OF THE ARTISTS
650 _aTRANSVAGUARDIA
650 _aUNTEL
650 _aVIDEO ARTE
650 _aZERO
902 _aM
903 _am
904 _am
907 _aimpreso
911 _asin ilustrar
912 _a2016
942 _cLIBRO
999 _c11198
_d11198
550 _asin ilustrar